Síntesis de voz en Léxico (Registro nro. 450435)
[ vista simple ]
| 000 -CABECERA | |
|---|---|
| campo de control de longitud fija | 01761nam a2200289uu 4500 |
| 001 - NÚMERO DE CONTROL | |
| campo de control | 1066930 |
| 005 - FECHA Y HORA DE LA ÚLTIMA TRANSACCIÓN | |
| campo de control | 20260507082729.0 |
| 007 - CAMPO FIJO DE DESCRIPCIÓN FÍSICA--INFORMACIÓN GENERAL | |
| campo de control de longitud fija | cr||||||| |
| 008 - DATOS DE LONGITUD FIJA--INFORMACIÓN GENERAL | |
| campo de control de longitud fija | 080211e20060130 spa |
| 035 ## - NÚMERO DE CONTROL DEL SISTEMA | |
| Número de control de sistema | 1066930 |
| 040 ## - FUENTE DE LA CATALOGACIÓN | |
| Centro/agencia transcriptor | comduadb |
| 041 ## - CÓDIGO DE LENGUA | |
| Código de lengua del texto/banda sonora o título independiente | spa |
| 080 ## - NÚMERO DE LA CLASIFICACIÓN DECIMAL UNIVERSAL | |
| Número de la Clasificación Decimal Universal | PSI |
| 100 10 - ENTRADA PRINCIPAL--NOMBRE DE PERSONA | |
| Nombre de persona | González Gutiérrez, Yovanny |
| Código de función | aut |
| Término indicativo de función/relación | Autor/a |
| 9 (RLIN) | 451552 |
| 245 10 - TÍTULO PROPIAMENTE DICHO | |
| Título propiamente dicho | Síntesis de voz en Léxico |
| 260 ## - PUBLICACIÓN, DISTRIBUCIÓN, ETC. | |
| Lugar de publicación, distribución, etc. | Medellín : |
| Nombre del editor, distribuidor, etc. | [sin publicador], |
| Fecha de publicación, distribución, etc. | 2006. |
| 300 ## - DESCRIPCIÓN FÍSICA | |
| Extensión | 40 páginas |
| 520 3# - SUMARIO, ETC. | |
| Nota de Sumario, etc. | La síntesis de voz (producción automática de voz a partir de texto) es una de las tecnologías que tiene varias aplicaciones en el ámbito universitario, cómo los sistemas de lectura para ciegos, los sistemas de habla para personas mudas y la enseñanza de otros idiomas. En el departamento de Ingeniería de Sistemas de la Universidad de Antioquia se ha desarrollado un lenguaje de programación llamado Léxico, el cual es un apoyo didáctico para quienes se inician en la disciplina de la programación de computadores, facilitándole al novato concentrarse en su tarea prioritaria: la adquisición de habilidades en lógica de la programación y elaboración de algoritmos. Para dotar a Léxico con características que lo hagan más interactivo, atractivo y lúdico para una mayor cantidad de estudiantes se ha desarrollado un módulo que le proporciona la capacidad de sintetizar voz. |
| 502 ## - NOTA DE TESIS | |
| Tipo de título | Tesis (Ingeniero/a de Sistemas). |
| Nombre de la institución que otorga el título | Universidad de Antioquia. Facultad de Ingeniería, |
| 526 ## - NOTA DE INFORMACIÓN SOBRE EL PROGRAMA DE ESTUDIO | |
| Nombre del programa | Universidad de Antioquia. Facultad de Ingeniería. Ingeniería de Sistemas. |
| 650 ## - PUNTO DE ACCESO ADICIONAL DE MATERIA--TÉRMINO DE MATERIA | |
| Término de materia o nombre geográfico como elemento de entrada | Sistemas de procesamiento de voz |
| 9 (RLIN) | 33539 |
| 650 ## - PUNTO DE ACCESO ADICIONAL DE MATERIA--TÉRMINO DE MATERIA | |
| Término de materia o nombre geográfico como elemento de entrada | Léxico (Lenguaje de programación) |
| 9 (RLIN) | 174911 |
| 650 #7 - PUNTO DE ACCESO ADICIONAL DE MATERIA--TÉRMINO DE MATERIA | |
| Término de materia o nombre geográfico como elemento de entrada | Programación (Computadores electrónicos) |
| Fuente del encabezamiento o término | embne |
| 9 (RLIN) | 23308 |
| 700 10 - ENTRADA AGREGADA--NOMBRE PERSONAL | |
| Nombre de persona | Jaramillo Cárdenas, Weidmar Alberto |
| Código de función | aut |
| Término indicativo de función/relación | Autor/a |
| 9 (RLIN) | 450180 |
| 700 10 - ENTRADA AGREGADA--NOMBRE PERSONAL | |
| Nombre de persona | Ríos Castrillón, Fabián |
| Código de función | ths |
| Término indicativo de función/relación | Asesor/a de tesis |
| 9 (RLIN) | 478035 |
| 942 ## - ELEMENTOS DE ENTRADA AGREGADA (KOHA) | |
| Tipo de ítem Koha | Tesis |
| Estado de retiro | Estado de pérdida | Estado dañado | No para préstamo | Código de colección | Localización permanente | Ubicación/localización actual | Fecha de adquisición | Número de inventario | Total de préstamos | Signatura topográfica completa | Fecha visto por última vez | Número de copia | Precio válido a partir de | Tipo de ítem Koha |
|---|---|---|---|---|---|---|---|---|---|---|---|---|---|---|
| Colección de Tesis Electrónicas | Centro Documentación Ingeniería (Bl. 20-146) | Centro Documentación Ingeniería (Bl. 20-146) | 11/02/2008 | C989020 | PSI 01719 | 27/04/2023 | 1 | 27/04/2023 | Internet |